Paris - Les grands magasins - Statistiques

Statistiques générales
  • Ce quiz a été pris 37 fois
  • Le résultat moyen est 2 sur 9
Statistiques - réponses
Indices Nom du grand magasin % Correct
1869 - Cognacq - 1er - Pompe Samaritaine
71%
1870 - Ruel - 4e - Rivoli Bazar de l'hôtel de ville
47%
1838 - Videau - 7e - Sèvres Au bon marché
38%
1865 - Jaluzot - 9e - Haussmann Au printemps
18%
1894 - Blader et Kahn - 9e - Haussman Aux galeries Lafayette
9%
1864 - 1er - Pont neuf Belle jardinière
0%
1906 - 6e - Rennes Grand bazar de la rue de Rennes
0%
1856 - Dufayel - 18e - Clignancourt Grands magasins Dufayel
0%
1855 - Chauchard et Hériot - 1er - Palais-Royal Grands magasins du Louvre
0%
Aucun quiz correspondant
Distribution des résultats
% des personnes avec chaque résultat
Percentile par nombre de réponses
Votre historique - résultats
Vous n’avez pas pris ce quiz